|
|
|
|
| LEADER |
00000nab a2200000 a 4500 |
| 001 |
vtls011099860 |
| 003 |
SK-MaSNL |
| 005 |
20260303120652.0 |
| 008 |
230131|2013 xo |||||||||||||||||cze| |
| 015 |
|
|
|a SNBRB
|
| 035 |
|
|
|a (uuid)7895ee5c-a49d-4157-ab65-3ad6b34d9aa6
|
| 035 |
|
|
|a (urnnbn)urn:nbn:sk:snk:ar-00260u
|
| 035 |
|
|
|a urn:nbn:sk:snk-ab94mm
|
| 040 |
|
|
|a SNKBUCL
|b slo
|c SNKBUCL
|e AACR2
|
| 041 |
0 |
|
|a cze
|
| 044 |
|
|
|a xo
|c SK
|
| 100 |
1 |
|
|a Válek, Dalibor
|4 aut
|9 1133237
|
| 245 |
1 |
0 |
|a OHROŽENÍ PŘENOSOVÝCH SOUSTAV PŘÍRODNÍMI VLIVY
|c Dalibor Válek, Radomír Ščurek
|
| 246 |
3 |
|
|a THREAT OF THE ELECTRICAL TRANSMISSION SYSTEMS BY THE NATURAL
|
| 700 |
1 |
|
|a Ščurek, Radomír
|4 aut
|9 416809
|
| 773 |
0 |
|
|t Krízový manažment : časopis pre pracovníkov zaoberajúcich sa krízovým manažmentom
|g Roč. 12, č. 1 (2013), s. 70-76
|
| 954 |
|
|
|a odborná, vedecká literatúra cudzojazyčná (svetová)
|2 lita
|
| 958 |
|
|
|a OND
|
| 958 |
|
|
|a EUIPO
|
| 958 |
|
|
|a article13
|
| 999 |
|
|
|c 1911821
|d 1913751
|